000 00670nam a2200205Ia 4500
001 3052
003 GE_BSU
008 181216s||||||||xx |||||||||||||| ||und||
040 _cGE_BSU
080 _a621.59
245 _aВопросы глубокого охлаждения.
245 _bСборник статей.
245 _cПод ред.М.П.Малкова, перевод В.Е.Кейлина и А.И.Гуляева.
260 _aМ.
260 _bИзд-во иностранной литературы.
260 _c1961.
300 _a430стр.с илл.22см.
653 _aВопросы глубокого охлаждения.
942 _cBK
999 _c37096
_d37096